UBT Library

Victor A Friedman Studies on Albanian and other Balkan languages (Record no. 60880)

000 -LEADER
fixed length control field 00350nam a22001337a 4500
008 - FIXED-LENGTH DATA ELEMENTS--GENERAL INFORMATION
fixed length control field 260309b ||||| |||| 00| 0 eng d
020 ## - INTERNATIONAL STANDARD BOOK NUMBER
International Standard Book Number 9951050425
041 ## - LANGUAGE CODE
Language code of text/sound track or separate title eng
080 ## - UNIVERSAL DECIMAL CLASSIFICATION NUMBER
Universal Decimal Classification number 2.1
100 ## - Rafti
Rafti 20.1
101 ## - Shkurtesa
Shkurtesa Ngjarje
245 ## - TITLE STATEMENT
Title Victor A Friedman Studies on Albanian and other Balkan languages
Statement of responsibility, etc Dugagjini Ballkan Books
942 ## - ADDED ENTRY ELEMENTS (KOHA)
Source of classification or shelving scheme
Item type Books
Holdings
Withdrawn status Lost status Source of classification or shelving scheme Damaged status Not for loan Collection code Permanent location Current location Date acquired Total Checkouts Barcode Date last seen Price effective from Koha item type
          Koleksioni i përgjithshem UBT - Lipjan UBT - Lipjan 03/09/2026   003-80007099940 03/09/2026 03/09/2026 Books
          Koleksioni i përgjithshem UBT - Lipjan UBT - Lipjan 03/26/2026   003-800070999461 03/26/2026 03/26/2026 Books
          Koleksioni i përgjithshem UBT - Lipjan UBT - Lipjan 03/26/2026   003-800070999462 03/26/2026 03/26/2026 Books
          Koleksioni i përgjithshem UBT - Lipjan UBT - Lipjan 03/26/2026   003-800070999463 03/26/2026 03/26/2026 Books
          Koleksioni i përgjithshem UBT - Lipjan UBT - Lipjan 03/26/2026   003-800070999464 03/26/2026 03/26/2026 Books
          Koleksioni i përgjithshem UBT - Lipjan UBT - Lipjan 03/26/2026   003-800070999465 03/26/2026 03/26/2026 Books
          Koleksioni i përgjithshem UBT - Lipjan UBT - Lipjan 03/26/2026   003-800070999466 03/26/2026 03/26/2026 Books
          Koleksioni i përgjithshem UBT - Lipjan UBT - Lipjan 03/31/2026   003-800070999528 03/31/2026 03/31/2026 Books
          Koleksioni i përgjithshem UBT - Lipjan UBT - Lipjan 04/17/2026   003-80007099984 04/17/2026 04/17/2026 Books
          Koleksioni i përgjithshem UBT - Lipjan UBT - Lipjan 04/17/2026   003-80007099985 04/17/2026 04/17/2026 Books
          Koleksioni i përgjithshem UBT - Lipjan UBT - Lipjan 04/17/2026   003-80007099986 04/17/2026 04/17/2026 Books
          Koleksioni i përgjithshem UBT - Lipjan UBT - Lipjan 04/17/2026   003-80007099987 04/17/2026 04/17/2026 Books
          Koleksioni i përgjithshem UBT - Lipjan UBT - Lipjan 04/17/2026   003-80007099988 04/17/2026 04/17/2026 Books
UBT Library © 2015-2024. All rights reserved University Education for Business and Technology